000 00541nam a2200193 a 4500
005 20210219153046.0
008 991125n 000 0 spa u
035 _aUPN01000075143
100 _aDURAND ARIAS, Raul
222 _aEL MAESTRO
245 _aEl empleo de la caricatura en la elaboracion de ejercicios de comprension
300 _a6
362 _a1995, 7a.epoca, año 5, no. 59, dic.
653 0 _aDESARROLLO SOCIAL
653 0 _aMEDIOS DIDACTICOS
653 0 _aSOCIALIZACION
904 _aAC
_b012954
905 _aArticulo
999 _c67359
_d67359